000 007180000a22001810004500
090 _aAR
_b00900
245 1 0 _aPromise and problems in applying quantitative complementary areas for representing the diversity of some neotropical plants (<families Dichapetalaceae, Lecythidaceae, Caryocaraceae, Chrysobala>)
650 1 4 _aRiqueza de especies
_93326
650 1 4 _aEndemismo
_948559
650 1 4 _aConservación de biodiversidad
_9345
041 0 _aInglés
700 1 _aHumphries, Cristopher J.
_994025
700 1 _aPrance, Ghillean T.
_915187
700 1 _aEdwards, K. S.
_994085
100 1 _aWilliams, Paul H.
_992866
942 _cARTICULO
773 1 _tBiological Journal of the Linnean Society
_3166
_h58
_q125-157
_d1996
999 _c9988
_d9988